Statistiken für Top 15 der betroffenen Covid-19-Länder - 7. April 2021

Klicken Sie hier um das Quiz zu spielen!

Allgemein

  • Dieses Quiz wurde 18 mal gespielt
  • Das Durchschnittsergebnis liegt bei 18 aus 28

Antwortstatistiken

Land% Korrekt
Deutschland
100%
Brasilien
94%
Frankreich
94%
Italien
94%
Russland
94%
Spanien
94%
Vereinigte Staaten
94%
Indien
88%
Vereinigtes Königreich
88%
Mexiko
81%
Argentinien
75%
Iran
75%
Polen
75%
Tschechien
75%
Belgien
69%
Niederlande
69%
Portugal
63%
Schweden
63%
Türkei
63%
Kolumbien
56%
Israel
44%
Ungarn
44%
Estland
38%
Slowenien
31%
Litauen
25%
Panama
25%
Serbien
25%
Bahrain
13%

Verteilung der Resultate

Perzentil nach korrekt beantworteten Fragen

Anzahl Personen mit jedem Resultat

Ihre Resultats-Entwicklung

Sie haben dieses Quiz noch nicht gespielt